000 01664nam a2200493 c 4500
001 53899
003 ES-MaCES
005 20251115040006.0
008 251010s2025 sp 000 | spa d
017 _aM 148-2025
_bDL
020 _a9788430992171
040 _aES-MaCES
_bspa
_cES-MaCES
100 1 _941505
_aLópez Rodríguez, Ana Mercedes
245 1 0 _aResolución de conflictos en el metaverso
_b: nuevas reglas para mercados, propiedad, consumidores y trabajadores en las nuevas realidades virtuales
_cAna Mercedes López Rodríguez
250 _a1ª ed
260 _aMadrid
_bTecnos
_c2025
300 _a348 p.
_c23 p.
490 1 _aTecnos legal tech
500 _aÍndices
504 _aBibliografía: p. 335-343
541 _cCompra
650 4 _anuevas tecnologías
_930788
650 4 _atecnología de la información
_930104
650 4 _ainteligencia artificial
_930166
650 4 _aeconomía colaborativa
_937923
650 4 _aconflicto
_927304
650 4 _aarreglo de conflicto
_927305
650 4 _aarbitraje
_927302
650 4 _amercado
_927899
650 4 _acontrato
_929505
650 4 _apropiedad
_927144
650 4 _apropiedad intelectual
_929444
650 4 _aprotección de los datos
_929496
650 4 _aprotección del consumidor
_929407
650 4 _aderechos de los trabajadores
_929924
650 4 _aderecho de responsabilidad civil
_929891
650 4 _aderecho mercantil
_927157
650 4 _aderecho internacional
_926684
650 4 _arégimen jurídico
_929894
653 1 0 _aDerecho mercantil
830 0 _940998
_aTecnos legal tech
902 _aLIB Libro
942 _2CES
_cBK
_h6.0.11.
999 _c53899
_d53899